Great American love stories /

Bibliographic Details
Other Authors: Rosenthal, Lucy
Format: Book
Language:English
Published: Boston : Little, Brown, [1988]
Edition:1st ed.
Subjects:

MARC

Tag First Indicator Second Indicator Subfields
LEADER 00000cam a2200000 a 4500
001 in00000031353
005 20171028063746.0
008 880129s1988 mau 00001 eng
010 |a  88000586  
020 |a 0316757349 :  |c $24.95 
035 |a (OCoLC)17477090 
035 |9 AAC0749AM 
040 |a DLC  |c DLC  |d TXA  |d UtOrBLW 
049 |a TXAM  |c [A11032732] 
050 0 0 |a PS648.L6  |b G74 1988 
082 0 |a 813/.085/08  |2 19 
245 0 0 |a Great American love stories /  |c selected and with an introduction by Lucy Rosenthal. 
250 |a 1st ed. 
264 1 |a Boston :  |b Little, Brown,  |c [1988] 
264 4 |c ©1988 
300 |a vii, 671 pages ;  |c 25 cm. 
336 |a text  |b txt  |2 rdacontent 
337 |a unmediated  |b n  |2 rdamedia 
338 |a volume  |b nc  |2 rdacarrier 
650 0 |a Romance fiction, American. 
700 1 |a Rosenthal, Lucy. 
999 |a MARS 
999 f f |s 765e9537-bf28-3d4a-9468-d2bc11d79894  |i 59c35af1-3fbc-3fe0-bc9c-84a652465370  |t 0 
952 f f |p ric  |a Texas A&M University  |b Rellis Campus  |c Joint Library Facility  |d Remote Storage  |t 0  |e PS648.L6 G74 1988  |h Library of Congress classification  |i unmediated -- volume  |m A14811032732 
998 f f |a PS648.L6 G74 1988  |t 0  |l Remote Storage